000 00887nam a22003017a 4500
001 5126
003 FISKH
005 20241107093845.0
008 241107b cb ||||| |||| 00| 0 eng d
020 _a0439309220
040 _aFISKH
_beng
_cFISKH
_dFISKH
050 _aQL737.C27
082 _a599.786
100 _aRing, Susan
245 _aPolar babies /
_cby Susan Ring illustrated by Lisa McCue
250 _aFirst printing in 2001
260 _aNew York :
_bScholastic,
_c2001.
300 _a32 pages :
_bColor illustrations ;
_c23 cm
505 _aE
520 _aPolar bear babies wake up, learn to fish, swim, walk on the ice, and enjoy running.
521 8 _a200L
_bLexile
521 8 _aE
_bRaz-Plus
650 _2Non-fiction
_aArctic
_vPolar bears
650 _2Animals
_aWinter
700 _aMccue, Lisa
_dIllustrator
942 _2ddc
_cBK
_n0
999 _c5126
_d5126